Languages Spoken by Every US Vice President - Statistics

General Stats
  • This quiz has been taken 73 times
  • The average score is 10 of 11
Answer Stats
VPs Answer % Correct
John Adams, Thomas Jefferson, Aaron Burr, George Clinton, Elbridge Gerry, Daniel D. Tompkins, John C. Calhoun, Martin Van Buren, Richard M. Johnson, John Tyler, George M. Dallas, Millard Fillmore, William R. King, John C. Breckinridge, Hannibal Hamlin, Andrew Johnson, Schuyler Colfax Jr., Henry Wilson, William A. Wheeler, Chester A. Arthur, Thomas A. Hendricks, Levi P. Morton, Adlai Stevenson I, Garret Hobart, Theodore Roosevelt, Charles W. Fairbanks, James S. Sherman, Thomas R. Marshall, Calvin Coolidge, Charles G. Dawes, Charles Curtis, John Nance Garner III, Henry A. Wallace, Harry S. Truman, Alben W. Barkley, Richard Nixon, Lyndon B. Johnson, Hubert Humphrey Jr., Spiro Agnew, Gerald Ford, Nelson Rockefeller, Walter Mondale, George H. W. Bush, Dan Quayle, Al Gore, Dick Cheney, Joe Biden, Mike Pence, Kamala Harris, James D. Vance English
100%
Theodore Roosevelt, Henry A. Wallace German
100%
Thomas Jefferson, Henry A. Wallace, Nelson Rockefeller, Al Gore Spanish
100%
John Adams, Thomas Jefferson, Aaron Burr, Theodore Roosevelt, Charles Curtis, Henry A. Wallace French
98%
Henry A. Wallace Portuguese
95%
Martin Van Buren, Henry A. Wallace Dutch
93%
Thomas Jefferson Italian
93%
Henry A. Wallace Russian
93%
John Adams, Thomas Jefferson, John Tyler, Chester A. Arthur Ancient Greek
89%
John Adams, Thomas Jefferson, Aaron Burr, John Tyler, Chester A. Arthur, Harry S. Truman Latin
88%
Charles Curtis Kaáⁿze Íe
16%
No matching quizzes found
Score Distribution
Percent of People with Each Score
Percentile by Number Answered
Your Score History
You have not taken this quiz